000 01156cam a22002411a 4500
003 SA-RiAUC
005 20250808163546.0
008 250806s2002 su g 000 0 ara c
040 _aSA-JeALM
_bara
_cSA-RiAUC
_erda
082 0 4 _a212.9
_qSA-RiAUC
090 _a212.9
_bا ب ن ن
100 1 _aابن ناصر الدين، محمد بن عبد الله بن محمد،
_d777-842 هجري
245 1 0 _aفضل عشر ذي الحجة، يوم عرفة، وإذا وافق يوم جمعة /
_cتأليف محمد بن عبد الله ناصر الدين الدمشقي الشافعي اعتنى بإخراجها راشد بن عامر بن عبدالله الغفيلي.
250 _aط. 1.
260 _aالرياض :
_bدار أطلس الخضراء،
_c2002
300 _a80 ص. ؛
_c24 سم.
650 7 _aالعشر ذي الحجة
_xفضائل
_2aucsh
650 7 _aالوقوف بعرفة
_xفضائل
_2aucsh
650 7 _aيوم الجمعة
_xفضائل
_2aucsh
700 _aالغفيلي , راشد بن عامر بن عبدالله.
_eاعتنى بإخراجها
942 _2ddc
_cBOOK
_n0
949 _aSA-JeALM
_d250806
_umohamedma123
_n1
999 _c10677
_d10677